[Event "Frankfurt Ch 2012"]
[Site "Ffm-Kalbach, LAZ"]
[Date "2012.06.04"]
[Round "5.2"]
[White "Holvason, Juri"]
[Black "Isserman, Ryhor"]
[Result "0-1"]
[WhiteElo "2125"]
[BlackElo "2274"]
[PlyCount "80"]
[EventDate "2012.??.??"]
[WhiteTeam "SC Brett vor'm Kopp Ffm"]
[BlackTeam "SK Bad Homburg 1927"]

1. e4 c5 2. Nf3 Nc6 3. d4 cxd4 4. Nxd4 Qb6 5. Nb3 Nf6 6. Nc3 e6 7. Bg5 Be7 8.
Qd2 O-O 9. Bd3 Ne5 10. Be2 h6 11. Be3 Qc7 12. Nb5 Qb8 13. f4 Neg4 14. e5 Ne4
15. Qd4 Nxe3 16. Qxe4 Nf5 17. Bd3 b6 18. Qe2 f6 19. Bxf5 exf5 20. O-O-O fxe5
21. fxe5 Qb7 22. Rhe1 Qe4 23. Qf1 Qa4 24. Nc3 Qc6 25. Nd4 Qg6 26. Nf3 Kh7 27.
Nd5 Bd8 28. Nf4 Qf7 29. h4 Qxa2 30. Qb5 Ba6 31. Qb4 Bc7 32. Rxd7 Rfd8 33. e6
Qa1+ 34. Kd2 Qa5 35. Qxa5 Bxf4+ 36. Kc3 bxa5 37. e7 Rxd7 38. e8=Q Rxe8 39. Rxe8
Bb7 40. Nd4 Bd2+ 0-1

[Event "Frankfurt Ch 2012"]
[Site "Ffm-Kalbach, LAZ"]
[Date "2012.06.04"]
[Round "5.3"]
[White "Khenkin, Igor"]
[Black "Goreacinic, Dmitri"]
[Result "1-0"]
[WhiteElo "2675"]
[BlackElo "2231"]
[PlyCount "79"]
[EventDate "2012.??.??"]
[WhiteTeam "Wiesbadener SV 1885"]
[BlackTeam "VSG 1880 Offenbach"]

1. d4 d5 2. c4 Bf5 3. cxd5 Bxb1 4. Qa4+ c6 5. Rxb1 Qxd5 6. Nf3 Nd7 7. b4 e6 8.
Qc2 Ngf6 9. e3 a5 10. Bc4 Qh5 11. bxa5 Qxa5+ 12. Bd2 Qa4 13. Bb3 Qa6 14. e4 Be7
15. e5 Nd5 16. Bc4 Qa7 17. O-O O-O 18. Qe4 Rfe8 19. h4 Nf8 20. h5 Rad8 21. Qg4
f5 22. exf6 Nxf6 23. Qh3 Nd5 24. Rfe1 Bf6 25. Re4 b5 26. Bb3 c5 27. dxc5 Qxc5
28. Rc1 Qd6 29. h6 g6 30. Rce1 Re7 31. Ng5 Rde8 32. Qd3 Rd7 33. Qf3 Bb2 34. Bb4
Nxb4 35. Rxe6 Nxe6 36. Rxe6 Rxe6 37. Bxe6+ Kh8 38. Qa8+ Rd8 39. Nf7+ Kg8 40.
Nxd6+ 1-0

[Event "Frankfurt Ch 2012"]
[Site "Ffm-Kalbach, LAZ"]
[Date "2012.06.04"]
[Round "5.4"]
[White "Brüggemann, Ludger"]
[Black "Telljohann, Sven"]
[Result "1/2-1/2"]
[WhiteElo "2190"]
[BlackElo "2391"]
[PlyCount "82"]
[EventDate "2012.??.??"]
[WhiteTeam "Sabt Frankfurter TV 1860"]
[BlackTeam "Sfr. Schöneck"]

1. e4 d5 2. Nc3 dxe4 3. Nxe4 Bf5 4. Ng3 Bg6 5. d4 Nf6 6. Nf3 Nbd7 7. h4 h6 8.
h5 Bh7 9. Bd3 Bxd3 10. Qxd3 e6 11. Bd2 c5 12. Ne4 Nxe4 13. Qxe4 cxd4 14. Qxd4
Qb6 15. O-O-O Qxd4 16. Nxd4 a6 17. g4 Nf6 18. f3 O-O-O 19. Ba5 Rd5 20. Nb3 Bd6
21. c4 Rxd1+ 22. Rxd1 Bc7 23. Bc3 Rg8 24. Nc5 Nh7 25. Ne4 g6 26. Bd2 f5 27. Nc5
fxg4 28. fxg4 gxh5 29. gxh5 Rg4 30. b3 Rh4 31. Nxe6 Rxh5 32. Nxc7 Kxc7 33. Bf4+
Kc8 34. Rd6 Ng5 35. Rg6 Rh4 36. Rg8+ Kd7 37. Rg7+ Kc6 38. Bxg5 hxg5 39. Rxg5
Rh2 40. Kb1 Kb6 41. Rg1 Kc5 1/2-1/2

[Event "Frankfurt Ch 2012"]
[Site "Ffm-Kalbach, LAZ"]
[Date "2012.06.04"]
[Round "5.5"]
[White "Zude, Erik"]
[Black "Penzel, Nils"]
[Result "1-0"]
[WhiteElo "2340"]
[BlackElo "2007"]
[PlyCount "91"]
[EventDate "2012.??.??"]
[WhiteTeam "SV 1920 Hofheim"]
[BlackTeam "SSg Rödermark/Eppertshausen"]

1. d4 Nf6 2. Nf3 g6 3. c4 Bg7 4. Nc3 O-O 5. e4 d6 6. h3 e5 7. d5 a5 8. Bg5 Na6
9. Nd2 h6 10. Be3 h5 11. Be2 Nh7 12. g4 f5 13. gxf5 gxf5 14. exf5 Bxf5 15. Nde4
Qh4 16. Ng3 Nb4 17. Nxf5 Rxf5 18. Qd2 e4 19. Rg1 Raf8 20. O-O-O R8f7 21. Rg3
Kf8 22. Bh6 Bxh6 23. Qxh6+ Ke7 24. Rg4 Qxf2 25. Rxe4+ Kd8 26. a3 Na6 27. Bxh5
R5f6 28. Qe3 Qxe3+ 29. Rxe3 Re7 30. Rxe7 Kxe7 31. Re1+ Kd7 32. Rg1 Rh6 33. Rg7+
Kd8 34. Bg4 Nf6 35. Ne2 Ke8 36. Nf4 Nxg4 37. hxg4 Kf8 38. Rg5 Nc5 39. b4 axb4
40. axb4 Ne4 41. Rh5 Rf6 42. Ne6+ Kg8 43. g5 Rf5 44. Rh4 Ng3 45. g6 c6 46. Rh7
1-0

[Event "Frankfurt Ch 2012"]
[Site "Ffm-Kalbach, LAZ"]
[Date "2012.06.04"]
[Round "5.6"]
[White "Kayser, Felix"]
[Black "Rosa, Mike"]
[Result "1/2-1/2"]
[WhiteElo "2251"]
[BlackElo "2041"]
[PlyCount "92"]
[EventDate "2012.??.??"]
[WhiteTeam "Wiesbadener SV 1885"]
[BlackTeam "SC 1961 König Nied"]

1. d4 Nf6 2. c4 e6 3. g3 d5 4. Nf3 Be7 5. Bg2 O-O 6. O-O dxc4 7. Qc2 b5 8. a4
b4 9. Ne5 Qxd4 10. Bxa8 Qxe5 11. Bf4 Qh5 12. Bg2 e5 13. Bc1 Be6 14. e3 Rd8 15.
Nd2 Ng4 16. h3 Nf6 17. Ne4 b3 18. Nxf6+ Bxf6 19. Qe4 Bd5 20. Qg4 Qxg4 21. hxg4
Bxg2 22. Kxg2 e4 23. a5 Nc6 24. Ra4 Ne5 25. Rb4 c5 26. Rb5 Nd3 27. a6 Bxb2 28.
Bxb2 Nxb2 29. Rxc5 g6 30. Rb1 Rd2 31. Rxb2 Rxb2 32. Rxc4 Ra2 33. Rb4 b2 34. g5
h5 35. Rb8+ Kg7 36. Kh3 Rxa6 37. Rxb2 Ra5 38. Rb7 Ra2 39. Kg2 Ra5 40. Re7 Rxg5
41. Rxa7 Re5 42. Kh3 g5 43. Ra2 Kg6 44. Rb2 f6 45. Ra2 Kf7 46. Rb2 Kg6 1/2-1/2

[Event "Frankfurt Ch 2012"]
[Site "Ffm-Kalbach, LAZ"]
[Date "2012.06.04"]
[Round "5.7"]
[White "Stockmann, Michael"]
[Black "Marzahn, Heiko"]
[Result "1-0"]
[WhiteElo "2235"]
[BlackElo "2000"]
[PlyCount "109"]
[EventDate "2012.??.??"]
[WhiteTeam "Sfr. Schöneck"]
[BlackTeam "Sfr.Erbach"]

1. d4 f5 2. g3 Nf6 3. Bg2 e6 4. b3 c6 5. Nf3 d5 6. O-O Bd6 7. c4 O-O 8. Qc2 Ne4
9. Bb2 b6 10. Ne5 Bb7 11. f3 Ng5 12. Nd3 Nd7 13. Nd2 c5 14. cxd5 exd5 15. dxc5
bxc5 16. f4 Ne4 17. Nxe4 fxe4 18. Nf2 Qe7 19. Rfd1 Nb6 20. e3 Rac8 21. Qe2 Rc7
22. Rac1 c4 23. Bd4 Bc5 24. Be5 Rcc8 25. Bh3 Rcd8 26. Bd4 Ba3 27. Rc2 Ba6 28.
Qh5 Qf7 29. Qxf7+ Kxf7 30. Ng4 Rd6 31. Ne5+ Ke7 32. Bxb6 axb6 33. bxc4 Bc5 34.
cxd5 Bxe3+ 35. Kg2 Bc5 36. Nc4 e3 37. Nxd6 Kxd6 38. Bg4 Bb5 39. Rb2 Ba4 40. Rd3
Re8 41. Bd1 Bd7 42. g4 Bc8 43. Be2 h5 44. h3 hxg4 45. hxg4 Bb7 46. Kg3 Re4 47.
g5 g6 48. Rd1 Rd4 49. Rbb1 Bxd5 50. Rxd4 Bxd4 51. Rd1 Kc5 52. Rc1+ Kd6 53. Bd3
Bxa2 54. Bxg6 e2 55. Bd3 1-0

[Event "Frankfurt Ch 2012"]
[Site "Ffm-Kalbach, LAZ"]
[Date "2012.06.04"]
[Round "5.8"]
[White "Koch, Markus"]
[Black "Calvi, Stefan"]
[Result "1-0"]
[WhiteElo "2154"]
[BlackElo "2005"]
[PlyCount "81"]
[EventDate "2012.??.??"]
[WhiteTeam "SC Brett vor'm Kopp Ffm"]
[BlackTeam "Sfr. Frankfurt 1921"]

1. d4 Nf6 2. c4 g6 3. Nc3 Bg7 4. e4 d6 5. f3 O-O 6. Bg5 c5 7. d5 h6 8. Be3 Na6
9. Qd2 Kh7 10. g4 Ne8 11. h4 e5 12. Nh3 Rh8 13. Be2 Rb8 14. O-O-O Bd7 15. Rdg1
Nac7 16. h5 Kg8 17. g5 hxg5 18. hxg6 Bxh3 19. Bxg5 f6 20. Be3 f5 21. Bg5 Qd7
22. f4 Nf6 23. fxe5 dxe5 24. d6 Nce8 25. Qe3 f4 26. Qxc5 Qxd6 27. Qxa7 Bd7 28.
c5 Qc7 29. c6 Rxh1 30. Bc4+ Kf8 31. Rxh1 bxc6 32. Qc5+ Qd6 33. Qa7 Qb4 34. Bb3
Rb7 35. Qa6 Rb6 36. Qd3 Qd4 37. Qe2 c5 38. Rd1 Qb4 39. Rxd7 Nxd7 40. Nd5 Qd4
41. Be7+ 1-0

[Event "Frankfurt Ch 2012"]
[Site "Ffm-Kalbach, LAZ"]
[Date "2012.06.04"]
[Round "5.9"]
[White "Richter, Tobias"]
[Black "Prenzler, Daniel"]
[Result "0-1"]
[WhiteElo "1992"]
[BlackElo "2154"]
[PlyCount "48"]
[EventDate "2012.??.??"]
[WhiteTeam "SV Merseburg e. V."]
[BlackTeam "SC 1961 König Nied"]

1. e4 e5 2. f4 exf4 3. Nf3 g5 4. h4 g4 5. Ng5 Nf6 6. d4 h6 7. Nxf7 Kxf7 8. e5
d5 9. exf6 Bb4+ 10. Nc3 Re8+ 11. Kf2 Bxc3 12. bxc3 Qxf6 13. Be2 h5 14. Rf1
Qxh4+ 15. Kg1 f3 16. Bxf3 g3 17. Bg4+ Kg7 18. Bh3 Bxh3 19. gxh3 Qxh3 20. Qd2
Re3 21. Rb1 g2 22. Rd1 Qh1+ 23. Kf2 Rf3+ 24. Ke2 Qf1+ 0-1

[Event "Frankfurt Ch 2012"]
[Site "Ffm-Kalbach, LAZ"]
[Date "2012.06.04"]
[Round "5.10"]
[White "Chandler, Patrick"]
[Black "Kuhn, Gerhard"]
[Result "1-0"]
[WhiteElo "2143"]
[BlackElo "1949"]
[PlyCount "81"]
[EventDate "2012.??.??"]
[WhiteTeam "Sfr. Neuberg"]
[BlackTeam "SK Marburg 1931/72"]

1. e4 c6 2. d4 d5 3. e5 Bf5 4. g4 Bd7 5. Bd3 e6 6. Ne2 c5 7. c3 Nc6 8. a3 Qb6
9. Bc2 Rc8 10. O-O cxd4 11. cxd4 h5 12. g5 g6 13. Nbc3 Nge7 14. Be3 Na5 15. Na4
Qd8 16. Nc5 Nec6 17. b4 Bxc5 18. bxc5 Nc4 19. h4 b6 20. cxb6 Qxb6 21. Nf4 N6xe5
22. dxe5 Nxe3 23. fxe3 Qxe3+ 24. Rf2 Qg3+ 25. Ng2 Rc4 26. Qd3 Qxe5 27. Raf1 Rf8
28. Bb3 Rc3 29. Qd1 Qd6 30. Rf3 Qc5+ 31. Kh1 Rxf3 32. Rxf3 Ke7 33. Ba4 Bxa4 34.
Qxa4 Qc1+ 35. Kh2 Qc7+ 36. Nf4 Rb8 37. Qd4 Rc8 38. Kh3 Kd6 39. Nd3 Ke7 40. Qf6+
Ke8 41. Ne5 1-0

[Event "Frankfurt Ch 2012"]
[Site "Ffm-Kalbach, LAZ"]
[Date "2012.06.04"]
[Round "5.11"]
[White "Röschlau, Bernd"]
[Black "Ostermeier, Thorsten"]
[Result "0-1"]
[WhiteElo "2129"]
[BlackElo "1849"]
[PlyCount "106"]
[EventDate "2012.??.??"]
[WhiteTeam "SC Brett vor'm Kopp Ffm"]
[BlackTeam "Sfr. Frankfurt 1921"]

1. e4 c5 2. Nf3 a6 3. d4 cxd4 4. Nxd4 Nf6 5. Nc3 e5 6. Nde2 Bc5 7. Be3 Bxe3 8.
fxe3 b5 9. Qd6 Qe7 10. Qxe7+ Kxe7 11. Ng3 g6 12. a3 Bb7 13. Rd1 d6 14. Be2 Nbd7
15. Rf1 Rad8 16. Rd2 Nb6 17. b3 Rc8 18. Rxf6 Rhd8 19. Rf1 Rxc3 20. Bd3 d5 21.
Rdf2 Rf8 22. Kd2 Rc7 23. exd5 Nxd5 24. h4 Nb6 25. h5 Rcc8 26. e4 Rcd8 27. Kc1
Rd6 28. Kb2 Nd7 29. hxg6 fxg6 30. Rxf8 Nxf8 31. Kc3 Ne6 32. Rf2 Ng5 33. Re2 Rd4
34. Re3 Rd6 35. Kb4 h5 36. Ne2 Ne6 37. a4 bxa4 38. Kxa4 g5 39. b4 h4 40. c4 Nf4
41. Nxf4 exf4 42. Rf3 Rd4 43. c5 Ke6 44. Ka5 Ke5 45. Bf1 Bxe4 46. Rc3 Rd1 47.
Bxa6 Bxg2 48. c6 Bxc6 49. Rxc6 Ra1+ 50. Kb6 f3 51. Rc2 Rb1 52. b5 g4 53. Kc7 g3
0-1

[Event "Frankfurt Ch 2012"]
[Site "Ffm-Kalbach, LAZ"]
[Date "2012.06.04"]
[Round "5.12"]
[White "Partzsch, Lukas"]
[Black "Mager, Denis"]
[Result "1-0"]
[WhiteElo "2122"]
[BlackElo "1924"]
[PlyCount "120"]
[EventDate "2012.??.??"]
[WhiteTeam "SC Matt im Park Ffm"]
[BlackTeam "SAbt TuS Makkabi Ffm"]

1. d4 d5 2. c4 c6 3. Nf3 Nf6 4. Nc3 e6 5. e3 Bd6 6. Bd3 Nbd7 7. O-O O-O 8. e4
dxe4 9. Nxe4 Nxe4 10. Bxe4 f5 11. Bc2 e5 12. Ng5 Qe8 13. dxe5 Qxe5 14. Nf3 Qf6
15. Bg5 Qg6 16. Re1 Nc5 17. Qd4 Ne4 18. Bxe4 fxe4 19. Qxe4 Bf5 20. Qd4 b6 21.
Be7 Bxe7 22. Rxe7 Rad8 23. Qc3 Rd6 24. Nh4 Qg4 25. Nxf5 Rxf5 26. Rae1 Qd4 27.
Qxd4 Rxd4 28. b3 Rf7 29. R7e2 Rfd7 30. f3 Kf7 31. Kf2 a5 32. Re6 R4d6 33. Rxd6
Rxd6 34. Ke2 Re6+ 35. Kd2 Rh6 36. h3 Rg6 37. Re2 Rf6 38. Ke1 Rf4 39. Rd2 Ke7
40. Kf2 g5 41. Ke3 Rf6 42. Ke4 h6 43. Ke3 Re6+ 44. Kf2 Rf6 45. g3 h5 46. Re2+
Kd6 47. Re8 Kc5 48. Re5+ Kb4 49. Rxg5 Ka3 50. Re5 Kxa2 51. Re3 b5 52. cxb5 cxb5
53. g4 hxg4 54. hxg4 a4 55. bxa4 bxa4 56. Kg3 Rb6 57. g5 a3 58. Kg4 Rb3 59. Re6
Kb2 60. f4 Rc3 1-0

[Event "Frankfurt Ch 2012"]
[Site "Ffm-Kalbach, LAZ"]
[Date "2012.06.04"]
[Round "5.13"]
[White "Tierling, Detlef"]
[Black "Reschke, Thomas"]
[Result "0-1"]
[WhiteElo "1942"]
[BlackElo "2118"]
[PlyCount "116"]
[EventDate "2012.??.??"]
[WhiteTeam "SC Groß-Umstadt"]
[BlackTeam "SC Frankfurt-West"]

1. e4 g6 2. d4 Bg7 3. Nf3 c6 4. Bd3 d5 5. exd5 cxd5 6. O-O Nf6 7. c3 O-O 8. Na3
Nc6 9. Bf4 Nh5 10. Qd2 Nxf4 11. Qxf4 f6 12. Qg3 e5 13. Bc2 e4 14. Nd2 f5 15. f4
Qb6 16. Bb3 Nxd4 17. cxd4 Qxd4+ 18. Kh1 Qxd2 19. Rad1 Qxb2 20. Bxd5+ Kh8 21.
Nc4 Qf6 22. Ne5 Be6 23. Qb3 Bxd5 24. Rxd5 Qa6 25. Rfd1 Bxe5 26. fxe5 Rae8 27.
Rd6 Qa5 28. e6 Qe5 29. Qxb7 Rxe6 30. Rd7 e3 31. Qb4 Rfe8 32. Rxa7 R6e7 33. Ra5
e2 34. Re1 Qe3 35. Ra3 Qf2 36. Rf3 Qa7 37. Ra3 Qb8 38. Qc3+ Qe5 39. Kg1 Rc7 40.
Qxe5+ Rxe5 41. Kf2 Rc2 42. Ra7 g5 43. g3 h5 44. Ra8+ Kg7 45. Ra7+ Kf6 46. Ra6+
Ke7 47. a4 Ra2 48. Rh6 h4 49. Rg6 hxg3+ 50. hxg3 g4 51. a5 Kf7 52. Rd6 Ra3 53.
a6 Rf3+ 54. Kg2 Ree3 55. a7 Rxg3+ 56. Kf2 Rgf3+ 57. Kg2 Ra3 58. Rxe2 Rxa7 0-1

[Event "Frankfurt Ch 2012"]
[Site "Ffm-Kalbach, LAZ"]
[Date "2012.06.04"]
[Round "5.14"]
[White "Sandten, Ulrich"]
[Black "Fröhlich-Dill, Astrid"]
[Result "1/2-1/2"]
[WhiteElo "2095"]
[BlackElo "1825"]
[PlyCount "105"]
[EventDate "2012.??.??"]
[WhiteTeam "SF Vonkeln 1931"]
[BlackTeam "SV 1920 Hofheim"]

1. e4 c5 2. Nf3 Nc6 3. d4 cxd4 4. Nxd4 e6 5. Nc3 a6 6. Nxc6 bxc6 7. Bd3 Qc7 8.
O-O d5 9. Qe2 d4 10. Na4 e5 11. c3 c5 12. f4 Bd6 13. cxd4 cxd4 14. Bd2 Nf6 15.
Rac1 Qb8 16. Rxc8+ Qxc8 17. Nb6 Qb8 18. Nxa8 O-O 19. b4 Qxa8 20. Bxa6 Nxe4 21.
fxe5 Nxd2 22. Qxd2 Bxe5 23. Bc4 Qb8 24. h3 Qc7 25. Qd3 Bf6 26. Bb3 Qc3 27. Qxc3
dxc3 28. Rd1 Rb8 29. a3 Rc8 30. Bc2 Kf8 31. Kf2 Ke7 32. Kf3 g6 33. a4 Rc4 34.
b5 Rb4 35. Rb1 Rxb1 36. Bxb1 Kd6 37. Ke4 Kc5 38. Kd3 Be5 39. Bc2 f6 40. Ke4 Bc7
41. g4 h6 42. Ke3 Kb4 43. Kd4 h5 44. Bxg6 hxg4 45. hxg4 Kxa4 46. Kc5 Kb3 47. b6
Bf4 48. Kd5 Kb4 49. b7 Kb5 50. Ke6 Kb6 51. Be4 c2 52. Bxc2 Kxb7 53. Kxf6
1/2-1/2

[Event "Frankfurt Ch 2012"]
[Site "Ffm-Kalbach, LAZ"]
[Date "2012.06.04"]
[Round "5.15"]
[White "Göbel, Andreas"]
[Black "Minor, Samuel"]
[Result "0-1"]
[WhiteElo "1895"]
[BlackElo "2177"]
[PlyCount "80"]
[EventDate "2012.??.??"]
[WhiteTeam "SC Brett vor'm Kopp Ffm"]
[BlackTeam "Wiesbadener SV 1885"]

1. c4 f5 2. f4 Nf6 3. Nf3 g6 4. Nc3 Bg7 5. e3 O-O 6. Be2 d6 7. d4 e6 8. O-O Qe7
9. b3 b6 10. Bb2 Bb7 11. Qc2 Nbd7 12. Rad1 a6 13. Rfe1 c5 14. Ng5 h6 15. Nf3 e5
16. dxe5 dxe5 17. Nxe5 Nxe5 18. fxe5 Nd7 19. Nd5 Bxd5 20. cxd5 Nxe5 21. d6 Qg5
22. Bc4+ Kh7 23. Bxe5 Bxe5 24. a4 h5 25. Qd3 Rad8 26. d7 f4 27. exf4 Rxf4 28.
Qd5 Rf5 29. Qe6 Kh6 30. h4 Qf4 31. Rxe5 Rxe5 32. Qxb6 Qxh4 33. Rf1 Rxd7 34. Qb8
Qd4+ 35. Kh2 Rd8 36. Qc7 Re4 37. Rf3 Rh4+ 38. Rh3 Rxh3+ 39. Kxh3 Qg4+ 40. Kh2
Qh4+ 0-1

[Event "Frankfurt Ch 2012"]
[Site "Ffm-Kalbach, LAZ"]
[Date "2012.06.04"]
[Round "5.16"]
[White "Gohil, Harry"]
[Black "Willems, Matthias"]
[Result "1-0"]
[WhiteElo "2298"]
[BlackElo "1862"]
[PlyCount "49"]
[EventDate "2012.??.??"]
[WhiteTeam "TSV Schott Mainz"]
[BlackTeam "SC Bad Nauheim"]

1. d4 Nf6 2. Bg5 e6 3. e4 h6 4. Bxf6 Qxf6 5. Nc3 d6 6. Qd2 c6 7. f4 e5 8. dxe5
dxe5 9. f5 Bb4 10. O-O-O Nd7 11. Nf3 Qe7 12. a3 Ba5 13. Bc4 Nf6 14. Rhe1 b5 15.
Ba2 O-O 16. Qd6 Qxd6 17. Rxd6 Bxc3 18. bxc3 Bb7 19. Nxe5 Rae8 20. Ng6 Nxe4 21.
Rd7 Bc8 22. Nxf8 Rxf8 23. Rc7 Bxf5 24. g4 Bh7 25. Rxc6 1-0

[Event "Frankfurt Ch 2012"]
[Site "Ffm-Kalbach, LAZ"]
[Date "2012.06.04"]
[Round "5.17"]
[White "Aßmann, Hendrik"]
[Black "Kabir, Rezaul"]
[Result "1/2-1/2"]
[WhiteElo "1850"]
[BlackElo "2043"]
[PlyCount "65"]
[EventDate "2012.??.??"]
[WhiteTeam "Sfr.Erbach"]
[BlackTeam "Sfr. Frankfurt 1921"]

1. e4 e6 2. f4 d5 3. e5 c5 4. Nf3 Qb6 5. d3 Nh6 6. c3 Nc6 7. Be2 Be7 8. Na3 Nf5
9. Nc2 h6 10. g4 Nh4 11. O-O Nxf3+ 12. Bxf3 g5 13. Rb1 Bd7 14. Qe2 d4 15. c4
O-O-O 16. f5 exf5 17. Bd5 Qc7 18. Bxc6 Qxc6 19. b4 f4 20. Ba3 Be6 21. bxc5 f5
22. exf6 Bxf6 23. Nb4 Qe8 24. c6 b6 25. Qf3 Qf7 26. Na6 h5 27. c7 Rd5 28. Rfe1
hxg4 29. Qe4 Bf5 30. Qxd5 Qxd5 31. cxd5 Bxd3 32. Nb4 Bxb1 33. d6 1/2-1/2

[Event "Frankfurt Ch 2012"]
[Site "Ffm-Kalbach, LAZ"]
[Date "2012.06.04"]
[Round "5.18"]
[White "Holzschuh, Gerald"]
[Black "Goldt, Rainer"]
[Result "1-0"]
[WhiteElo "2007"]
[BlackElo "1852"]
[PlyCount "61"]
[EventDate "2012.??.??"]
[WhiteTeam "SC Bad Nauheim"]
[BlackTeam "Kreuznacher SV 1921 e.V."]

1. c4 f5 2. Nc3 Nf6 3. Nf3 e6 4. g3 d5 5. d4 c6 6. cxd5 exd5 7. Bg2 Bd6 8. a3
O-O 9. O-O a5 10. Bf4 Na6 11. e3 Nc7 12. Ne2 Ne6 13. Bxd6 Qxd6 14. Nf4 Ne4 15.
Rc1 g5 16. Nd3 Bd7 17. Nfe5 Be8 18. f3 Nf6 19. Rc3 f4 20. Qc1 Nd7 21. Bh3 fxg3
22. hxg3 Nxe5 23. dxe5 Qe7 24. f4 gxf4 25. exf4 Nd4 26. Qe3 Nb5 27. Rc2 Bd7 28.
f5 d4 29. Qh6 Be8 30. f6 Qc7 31. Be6+ 1-0

[Event "Frankfurt Ch 2012"]
[Site "Ffm-Kalbach, LAZ"]
[Date "2012.06.04"]
[Round "5.19"]
[White "Roggensack, Hans Peter"]
[Black "Orlinski, Wolfgang"]
[Result "0-1"]
[WhiteElo "1822"]
[BlackElo "1985"]
[PlyCount "70"]
[EventDate "2012.??.??"]
[WhiteTeam "Sfr. Frankfurt 1921"]
[BlackTeam "Sfr. Frankfurt 1921"]

1. e4 d6 2. d4 c6 3. Be3 Qc7 4. c4 e5 5. Nf3 Nf6 6. Nc3 Bg4 7. Be2 Nbd7 8. Nd2
Bxe2 9. Qxe2 Be7 10. O-O Nf8 11. Rac1 exd4 12. Bxd4 Ne6 13. Be3 O-O 14. b4 a5
15. b5 Nd7 16. Na4 Ndc5 17. Nc3 Bf6 18. Nb3 Bxc3 19. Nxc5 dxc5 20. Rxc3 Qe5 21.
Qc2 Nd4 22. Bxd4 cxd4 23. Rb3 a4 24. Rb4 c5 25. Rxa4 Rxa4 26. Qxa4 Qxe4 27. Qa7
Rc8 28. Qa3 b6 29. Rd1 Re8 30. h3 Qe2 31. Qb3 Re6 32. a4 Rf6 33. Rf1 d3 34. a5
d2 35. a6 Rxf2 0-1

[Event "Frankfurt Ch 2012"]
[Site "Ffm-Kalbach, LAZ"]
[Date "2012.06.04"]
[Round "5.20"]
[White "Hierling, Stefan"]
[Black "Kuhn, Luis"]
[Result "1/2-1/2"]
[WhiteElo "1954"]
[BlackElo "1811"]
[PlyCount "113"]
[EventDate "2012.??.??"]
[WhiteTeam "VSG 1880 Offenbach"]
[BlackTeam "SV 1929 Raunheim"]

1. e4 e5 2. Nf3 Nc6 3. Bc4 Bc5 4. a3 d6 5. h3 Nf6 6. d3 h6 7. b4 Bb6 8. O-O O-O
9. Qe2 Re8 10. Be3 d5 11. exd5 Nd4 12. Qd1 Nxd5 13. Bxd4 exd4 14. Re1 Be6 15.
Qc1 Qf6 16. Nbd2 Nc3 17. Bxe6 Rxe6 18. Rxe6 Qxe6 19. Qe1 Qd7 20. Qf1 a5 21. Nb3
a4 22. Nbd2 c6 23. Re1 f6 24. Ne4 Nb5 25. Ra1 Re8 26. Nfd2 f5 27. Nc4 Ba7 28.
Ned2 Re6 29. Re1 Qe7 30. Nf3 Rxe1 31. Qxe1 Qxe1+ 32. Nxe1 Kf7 33. Nf3 c5 34.
bxc5 Bxc5 35. Nb2 Nc3 36. Nc4 b5 37. Ncd2 Ke6 38. Kf1 Kd5 39. Nh4 Bxa3 40. Nxf5
Bf8 41. Nf3 Bc5 42. Nxg7 Nb1 43. Ne8 a3 44. Nc7+ Kc6 45. Ne6 Kd5 46. Nc7+ Kc6
47. Ne6 a2 48. Nexd4+ Bxd4 49. Nxd4+ Kc5 50. Nb3+ Kb4 51. Ke1 Kc3 52. Kd1 Kb2
53. d4 Na3 54. Na1 Kxa1 55. Kc1 b4 56. d5 Nb5 57. f4 {Rest unklar!} 1/2-1/2

[Event "Frankfurt Ch 2012"]
[Site "Ffm-Kalbach, LAZ"]
[Date "2012.06.04"]
[Round "5.22"]
[White "Rennhack, Peer"]
[Black "Meyer, Kai-Christian"]
[Result "1-0"]
[WhiteElo "1820"]
[BlackElo "2139"]
[PlyCount "61"]
[EventDate "2012.??.??"]
[WhiteTeam "Sabt Frankfurter TV 1860"]
[BlackTeam "Sfr. Schöneck"]

1. e4 c6 2. d4 d5 3. e5 Bf5 4. Nc3 e6 5. g4 Bg6 6. Nge2 Qh4 7. Nf4 Nd7 8. Ng2
Qd8 9. h4 h5 10. Nf4 Bh7 11. Nxh5 a6 12. Bd3 Bxd3 13. Qxd3 c5 14. Bg5 Qb6 15.
O-O-O cxd4 16. Nxd5 exd5 17. e6 Ndf6 18. exf7+ Kxf7 19. Nf4 Ne7 20. Qf3 Rd8 21.
h5 Rg8 22. Rhe1 Rd6 23. Bh4 g5 24. hxg6+ Nxg6 25. Bxf6 Rxf6 26. Qxd5+ Kg7 27.
Nh5+ Kh7 28. Nxf6+ Qxf6 29. Rh1+ Kg7 30. Qxb7+ Be7 31. Rde1 1-0

[Event "Frankfurt Ch 2012"]
[Site "Ffm-Kalbach, LAZ"]
[Date "2012.06.04"]
[Round "5.23"]
[White "Rondonuwu, Grover"]
[Black "Neumann, Manfred"]
[Result "1/2-1/2"]
[WhiteElo "2042"]
[BlackElo "1798"]
[PlyCount "91"]
[EventDate "2012.??.??"]
[WhiteTeam "Sabt Frankfurter TV 1860"]
[BlackTeam "SC 1961 König Nied"]

1. d4 d5 2. c4 e6 3. Nf3 Nf6 4. g3 Bb4+ 5. Bd2 Be7 6. Nc3 O-O 7. Bg2 Ne4 8. O-O
c6 9. Bf4 Nxc3 10. bxc3 Nd7 11. Nd2 Nf6 12. e4 dxe4 13. Nxe4 Nxe4 14. Bxe4 Bf6
15. Rb1 Qa5 16. Qc2 g6 17. Bd6 Re8 18. f4 Be7 19. Be5 Bf8 20. c5 Bg7 21. Bd6
Bf8 22. c4 Bg7 23. Rfd1 Rd8 24. h4 Rxd6 25. cxd6 Qa3 26. Qd3 Qxd6 27. Kh2 Qc7
28. h5 Qa5 29. hxg6 hxg6 30. Qc2 Qh5+ 31. Kg2 Qa5 32. d5 exd5 33. cxd5 Bg4 34.
Rd3 cxd5 35. Rxd5 Qa6 36. Rc5 Re8 37. Bd3 Qe6 38. Bc4 Qf6 39. Rc7 Re7 40. Rxe7
Qxe7 41. Qxg6 Bh5 42. Qxh5 Qe4+ 43. Kh2 Qxb1 44. Qxf7+ Kh7 45. Be6 Qb2+ 46. Kh3
1/2-1/2

[Event "Frankfurt Ch 2012"]
[Site "Ffm-Kalbach, LAZ"]
[Date "2012.06.04"]
[Round "5.24"]
[White "Krzesinski, Paul"]
[Black "Nagel, Norbert"]
[Result "1-0"]
[WhiteElo "1997"]
[BlackElo "1779"]
[PlyCount "59"]
[EventDate "2012.??.??"]
[WhiteTeam "Sabt Frankfurter TV 1860"]
[BlackTeam "SC Bad Nauheim"]

1. e4 e5 2. Bc4 Nf6 3. d3 Bc5 4. Nf3 d6 5. O-O Be6 6. Bxe6 fxe6 7. c3 h6 8. Qb3
Qc8 9. d4 exd4 10. cxd4 Bb6 11. e5 Nd5 12. Nc3 Nxc3 13. bxc3 d5 14. a4 c6 15.
Ba3 Bd8 16. Qc2 Qd7 17. Nd2 g5 18. f4 Qh7 19. f5 Be7 20. Bxe7 Kxe7 21. Qb2 b6
22. Qa3+ Ke8 23. fxe6 Qe7 24. Qd6 Qxd6 25. exd6 c5 26. Rf7 cxd4 27. c4 dxc4 28.
Nxc4 Nc6 29. Raf1 Rc8 30. d7+ 1-0

[Event "Frankfurt Ch 2012"]
[Site "Ffm-Kalbach, LAZ"]
[Date "2012.06.04"]
[Round "5.25"]
[White "Gutacker, Stephan"]
[Black "Bagatsch, Thomas"]
[Result "1-0"]
[WhiteElo "1806"]
[BlackElo "1984"]
[PlyCount "104"]
[EventDate "2012.??.??"]
[WhiteTeam "Sfr.1932 Kelkheim"]
[BlackTeam "SC Brett vor'm Kopp Ffm"]

1. e4 e5 2. Nf3 Nc6 3. d4 exd4 4. Nxd4 Qh4 5. Nc3 Bb4 6. Qd3 Nf6 7. Nxc6 dxc6
8. Bd2 O-O 9. g3 Qh5 10. Be2 Qg6 11. f3 Be6 12. Qe3 Rad8 13. Bd3 Qh5 14. g4 Qa5
15. h4 Rfe8 16. Kf1 c5 17. Kg2 c4 18. Be2 Bc5 19. Qf4 Bd6 20. Qg5 Qb6 21. Be3
Qxb2 22. Bd4 h6 23. Qb5 Qxb5 24. Nxb5 a6 25. Nxd6 Rxd6 26. Be3 Rdd8 27. g5 hxg5
28. hxg5 Nd7 29. Rh2 b5 30. Rah1 Kf8 31. f4 f5 32. gxf6 Nxf6 33. Bc5+ Kf7 34.
e5 Rd2 35. Kf1 Bd5 36. Rg1 Ne4 37. Bh5+ Kg8 38. Rxd2 Nxd2+ 39. Ke2 Rd8 40. Ke3
Ne4 41. Be7 Rd7 42. Ba3 c5 43. Bf3 Nc3 44. Bxc5 Bxf3 45. Kxf3 Kf7 46. Bd6 Ke6
47. a3 Kd5 48. Bf8 Ke6 49. Bxg7 Nd5 50. Rg6+ Kf5 51. Rg5+ Ke6 52. f5+ Ke7 1-0

[Event "Frankfurt Ch 2012"]
[Site "Ffm-Kalbach, LAZ"]
[Date "2012.06.04"]
[Round "5.26"]
[White "Barisch, Florian"]
[Black "Czech, Ludwig"]
[Result "1/2-1/2"]
[WhiteElo "1800"]
[BlackElo "1961"]
[PlyCount "44"]
[EventDate "2012.??.??"]
[WhiteTeam "SV 1934 Ffm-Griesheim"]
[BlackTeam "VSG 1880 Offenbach"]

1. d4 f5 2. c4 Nf6 3. Nc3 e6 4. Bg5 Bb4 5. Qc2 O-O 6. e3 b6 7. Bd3 Bb7 8. f3 h6
9. Bh4 d6 10. Nge2 Nbd7 11. O-O-O Bxc3 12. Nxc3 Rf7 13. Rde1 g5 14. Bg3 Rg7 15.
d5 exd5 16. cxd5 Kh8 17. Bxf5 Nxd5 18. h4 g4 19. fxg4 Ne7 20. Bf4 Nxf5 21. Qxf5
Qf6 22. Qh5 Kg8 1/2-1/2